<?xml version="1.0" encoding="UTF-8"?>
<record
    xmlns:xsi="http://www.w3.org/2001/XMLSchema-instance"
    xsi:schemaLocation="http://www.loc.gov/MARC21/slim http://www.loc.gov/standards/marcxml/schema/MARC21slim.xsd"
    xmlns="http://www.loc.gov/MARC21/slim">

  <leader>00893nam a22002777a 4500</leader>
  <controlfield tag="003">OSt</controlfield>
  <controlfield tag="005">20250502143853.0</controlfield>
  <controlfield tag="008">200226s2009    sp ||||g |||| 00| f spa d</controlfield>
  <datafield tag="020" ind1=" " ind2=" ">
    <subfield code="a">9788481919622</subfield>
  </datafield>
  <datafield tag="040" ind1=" " ind2=" ">
    <subfield code="a">CO-JMCR</subfield>
    <subfield code="c">CO-JMCR</subfield>
  </datafield>
  <datafield tag="041" ind1="1" ind2=" ">
    <subfield code="a">spa</subfield>
    <subfield code="h">-gr</subfield>
  </datafield>
  <datafield tag="082" ind1="0" ind2="4">
    <subfield code="a">A-N</subfield>
    <subfield code="b">SENu</subfield>
  </datafield>
  <datafield tag="100" ind1="1" ind2=" ">
    <subfield code="a">Senocak, Zafer,</subfield>
    <subfield code="e">autor</subfield>
    <subfield code="9">931</subfield>
  </datafield>
  <datafield tag="245" ind1="1" ind2=" ">
    <subfield code="a">Una herencia peligrosa / </subfield>
    <subfield code="c">Zafer Senocak ; traducci&#xF3;n de Carmen Plaza y Ana Rosa Calero</subfield>
  </datafield>
  <datafield tag="250" ind1=" " ind2=" ">
    <subfield code="a">Primera edici&#xF3;n</subfield>
  </datafield>
  <datafield tag="260" ind1=" " ind2=" ">
    <subfield code="a">Valencia (Espa&#xF1;a) : </subfield>
    <subfield code="b">Pre-textos,</subfield>
    <subfield code="c">2009</subfield>
  </datafield>
  <datafield tag="300" ind1=" " ind2=" ">
    <subfield code="a">161 p&#xE1;ginas ; </subfield>
    <subfield code="c">23 cm.</subfield>
  </datafield>
  <datafield tag="490" ind1=" " ind2=" ">
    <subfield code="a">Contempor&#xE1;nea ; </subfield>
    <subfield code="v">996</subfield>
  </datafield>
  <datafield tag="500" ind1=" " ind2=" ">
    <subfield code="a">Titulo original: Gef&#xE4;hriliche verwandtschfat</subfield>
  </datafield>
  <datafield tag="546" ind1="1" ind2=" ">
    <subfield code="a">Traducido del Alem&#xE1;n.</subfield>
  </datafield>
  <datafield tag="650" ind1="2" ind2="4">
    <subfield code="a">Novela turca</subfield>
    <subfield code="9">932</subfield>
  </datafield>
  <datafield tag="650" ind1="2" ind2="4">
    <subfield code="a">Novela</subfield>
    <subfield code="x">Relaciones familiares</subfield>
    <subfield code="9">933</subfield>
  </datafield>
  <datafield tag="700" ind1="1" ind2=" ">
    <subfield code="a">Plaza, Carmen, </subfield>
    <subfield code="e">traductora</subfield>
    <subfield code="9">934</subfield>
  </datafield>
  <datafield tag="700" ind1="1" ind2=" ">
    <subfield code="a">Calero, Ana Rosa, </subfield>
    <subfield code="e">traductor</subfield>
    <subfield code="9">935</subfield>
  </datafield>
  <datafield tag="942" ind1=" " ind2=" ">
    <subfield code="2">ddc</subfield>
    <subfield code="c">BK</subfield>
  </datafield>
  <datafield tag="999" ind1=" " ind2=" ">
    <subfield code="c">6600</subfield>
    <subfield code="d">6600</subfield>
  </datafield>
  <datafield tag="952" ind1=" " ind2=" ">
    <subfield code="0">0</subfield>
    <subfield code="1">0</subfield>
    <subfield code="2">ddc</subfield>
    <subfield code="4">0</subfield>
    <subfield code="7">0</subfield>
    <subfield code="a">CPL</subfield>
    <subfield code="b">CPL</subfield>
    <subfield code="c">PROC</subfield>
    <subfield code="d">2019-12-19</subfield>
    <subfield code="e">Donaci&#xF3;n</subfield>
    <subfield code="g">0.00</subfield>
    <subfield code="l">2</subfield>
    <subfield code="o">A-N SENu</subfield>
    <subfield code="p">201809615</subfield>
    <subfield code="r">2025-08-01 07:52:41</subfield>
    <subfield code="s">2025-07-31</subfield>
    <subfield code="t">Ej.1</subfield>
    <subfield code="w">2020-02-26</subfield>
    <subfield code="y">BK</subfield>
  </datafield>
</record>
